| 000 | 00696nam a22002057a 4500 | ||
|---|---|---|---|
| 999 |
_c7070 _d7070 |
||
| 003 | AR-CdUCM | ||
| 008 | 190319b ||||| |||| 00| 0 spa d | ||
| 040 |
_aMUNICIPALIDAD PROVINCIAL DEL CUSCO _cBIBLIOTECA MUNICIPAL DEL CUSCO |
||
| 082 |
_22 ed. _a148 / _bL27 |
||
| 100 |
_aLaski, Harold J _99989 |
||
| 245 | _aEl liberalismo / | ||
| 260 |
_aBuenos Aires : _bFondo de cultura económica, _c1953. |
||
| 300 |
_a250 páginas ; _c18 cm. |
||
| 505 | _aContenido : El panorama -- El siglo XVII -- El siglo de las luces -- Conclusión : La segunda siega ... | ||
| 650 |
_aLiberalismo _91985 |
||
| 650 |
_aSIglo de la luces _919913 |
||
| 650 |
_aEuropa _91221 |
||
| 942 |
_2ddc _cLIBROS |
||
| 945 | _arah | ||